[Event "11. Lichtenberger Sommer"]
[Site "Berlin"]
[Date "2012.08.22"]
[Round "5.105"]
[White "Ziegel, Mandy Marie"]
[Black "Heinrich, Wesko"]
[Result "0-1"]
[WhiteElo "853"]
[BlackElo "1555"]
[PlyCount "78"]
[EventDate "2012.??.??"]
[WhiteTeam "Schachclub Oranienburg e.V."]
[BlackTeam "SG Narva Berlin e.V."]

1. d4 d5 2. c4 c6 3. Nc3 Bf5 4. Nf3 e6 5. e3 Nd7 6. a4 a5 7. cxd5 exd5 8. Be2
Ngf6 9. O-O Qc7 10. Nd2 Bd6 11. g3 O-O 12. Bf3 Rfe8 13. Re1 Bb4 14. Qb3 Re7 15.
Qd1 Rae8 16. Ndb1 Ne4 17. Bd2 Ndf6 18. Bg2 Nxd2 19. Qxd2 Qd7 20. f3 Bh3 21. Re2
c5 22. f4 Bxg2 23. Kxg2 Ng4 24. Kg1 Rxe3 25. Rxe3 Rxe3 26. Qg2 Re1+ 27. Qf1
Rxf1+ 28. Kxf1 Ne3+ 29. Ke2 Qe6 30. Ra2 Nc2+ 31. Kd2 Nxd4 32. Kc1 Nb3+ 33. Kc2
c4 34. Nd2 Qf5+ 35. Kd1 Qd3 36. Ke1 Qxd2+ 37. Kf1 Bxc3 38. f5 Bd4 39. g4 Qf2#
0-1

[Event "11. Lichtenberger Sommer"]
[Site "Berlin"]
[Date "2012.08.22"]
[Round "5.106"]
[White "Kranch, Klaus"]
[Black "Hubbe, Bernd"]
[Result "1-0"]
[WhiteElo "1770"]
[BlackElo "1409"]
[PlyCount "53"]
[EventDate "2012.??.??"]
[WhiteTeam "SC Rochade e.V."]
[BlackTeam "SC Rotation Pankow e.V."]

1. d4 d5 2. c4 c5 3. cxd5 cxd4 4. Qxd4 Nf6 5. e4 e6 6. Nc3 a6 7. Nf3 Nc6 8.
dxc6 Qxd4 9. Nxd4 bxc6 10. Bd3 Bb7 11. O-O Rd8 12. Nxe6 fxe6 13. Bc4 Kf7 14.
Be3 Be7 15. f3 Nd7 16. f4 Rhf8 17. f5 Kg8 18. Bxe6+ Kh8 19. Rad1 Nf6 20. Bb6
Rxd1 21. Rxd1 c5 22. Nd5 Bd6 23. Nxf6 Be7 24. Nd7 Rc8 25. Ne5 h6 26. Bxc8 Bxc8
27. Ng6+ 1-0

[Event "11. Lichtenberger Sommer"]
[Site "Berlin"]
[Date "2012.08.22"]
[Round "5.107"]
[White "Schröder, Gert"]
[Black "Winz, Michael"]
[Result "0-1"]
[WhiteElo "1391"]
[BlackElo "1663"]
[PlyCount "104"]
[EventDate "2012.??.??"]
[WhiteTeam "SV Königsjäger Süd-West e.V."]
[BlackTeam "SC Friesen Lichtenberg e.V."]

1. c4 Nf6 2. e3 c5 3. Nc3 e6 4. d4 d5 5. Nf3 Nc6 6. a3 cxd4 7. exd4 Be7 8. Bd3
dxc4 9. Bxc4 O-O 10. O-O a6 11. b4 Bd6 12. Re1 Re8 13. Ne5 Qc7 14. f4 Nxe5 15.
fxe5 Qxc4 16. Bb2 Be7 17. exf6 Bxf6 18. Ne4 Be7 19. Re3 Bd7 20. Nd2 Qd5 21. Re5
Qd6 22. Ne4 Qb6 23. Nc5 Bc6 24. Qd2 Bf6 25. Rh5 Rad8 26. Qf4 Rd5 27. Rxd5 exd5
28. h4 Qd8 29. h5 Qe7 30. Kh2 Bg5 31. Qg3 Qe3 32. Qxe3 Rxe3 33. Bc1 Bf4+ 34. g3
Re2+ 35. Kh3 Bxc1 36. Rxc1 Rd2 37. Nb3 Bd7+ 38. g4 Rd3+ 39. Kh4 Rxb3 40. Rc7
Be8 41. Rxb7 h6 42. g5 hxg5+ 43. Kxg5 Rxa3 44. Rb8 Kf8 45. b5 axb5 46. Rd8 f6+
47. Kf5 b4 48. h6 gxh6 49. Kxf6 Ra6+ 50. Ke5 Rb6 51. Kxd5 b3 52. Rc8 b2 0-1

[Event "11. Lichtenberger Sommer"]
[Site "Berlin"]
[Date "2012.08.22"]
[Round "5.108"]
[White "Mühlhan, Klaus"]
[Black "Schönberger, Kay"]
[Result "1-0"]
[WhiteElo "2042"]
[BlackElo "1899"]
[PlyCount "71"]
[EventDate "2012.??.??"]
[WhiteTeam "SC Empor Potsdam 1952 e.V."]
[BlackTeam "SV Koblenz 03/25"]

1. e4 c5 2. d4 cxd4 3. c3 dxc3 4. Nxc3 Nc6 5. Nf3 d6 6. Bc4 Nf6 7. e5 dxe5 8.
Qxd8+ Nxd8 9. Nb5 Be6 10. Nc7+ Kd7 11. Nxa8 Bxc4 12. Nxe5+ Kc8 13. Nxc4 Kb8 14.
Nab6 axb6 15. Nxb6 Nc6 16. O-O e5 17. Be3 Bb4 18. a3 Be7 19. b4 Ne4 20. b5 Na7
21. a4 f6 22. Rfd1 Nc8 23. Rd7 Re8 24. Nxc8 Kxc8 25. Rad1 Nc3 26. R1d3 Nxa4 27.
b6 Bd8 28. Rxg7 Nxb6 29. Rc3+ Kb8 30. Rb3 Re6 31. Rg8 Rd6 32. g4 Nc4 33. Bc5
Rd7 34. Rb4 Nd2 35. Bb6 Kc8 36. Ra4 1-0

[Event "11. Lichtenberger Sommer"]
[Site "Berlin"]
[Date "2012.08.22"]
[Round "5.109"]
[White "Kühnert, Hanno"]
[Black "Pilgrim, Wilfried"]
[Result "0-1"]
[WhiteElo "1666"]
[BlackElo "1486"]
[PlyCount "114"]
[EventDate "2012.??.??"]
[WhiteTeam "SC Rotation Pankow e.V."]
[BlackTeam "SC Kreuzberg e.V."]

1. d4 e6 2. Nf3 Be7 3. c4 b6 4. Nc3 Bb7 5. e4 d6 6. Be2 Nf6 7. O-O Nxe4 8. Nxe4
Bxe4 9. Bd3 Bxd3 10. Qxd3 Nd7 11. Qc3 c5 12. d5 Bf6 13. Qe3 e5 14. Rb1 h6 15.
Qb3 O-O 16. Qb5 e4 17. Ne1 Ne5 18. Be3 a6 19. Qb3 Qc7 20. Bf4 Rfb8 21. f3 exf3
22. Nxf3 Nxf3+ 23. Qxf3 Bd4+ 24. Kh1 Rf8 25. Qh3 Kh7 26. Qf5+ g6 27. Qh3 Bg7
28. Rf3 Qe7 29. Qg3 Rae8 30. Bxd6 Qe4 31. Rbf1 Be5 32. Bxe5 Rxe5 33. Rxf7+ Rxf7
34. Rxf7+ Kg8 35. Rf1 g5 36. h3 Qxc4 37. Qxe5 Qxf1+ 38. Kh2 Qf4+ 39. Qxf4 gxf4
40. d6 Kf8 41. Kg1 Ke8 42. Kf2 Kd7 43. Kf3 Kxd6 44. Kxf4 Kd5 45. Ke3 Ke5 46. g4
b5 47. h4 a5 48. g5 h5 49. g6 Kf6 50. g7 Kxg7 51. Ke4 Kf6 52. Kd5 c4 53. Kc5
Kf5 54. Kxb5 Kg4 55. Kxa5 Kxh4 56. a4 Kg3 57. Kb5 h4 0-1

[Event "11. Lichtenberger Sommer"]
[Site "Berlin"]
[Date "2012.08.22"]
[Round "5.110"]
[White "Toth, Hans-Jürgen"]
[Black "Jachym, Christoph"]
[Result "0-1"]
[WhiteElo "1638"]
[BlackElo "1629"]
[PlyCount "102"]
[EventDate "2012.??.??"]
[WhiteTeam "Schachfreunde Zehdenick 76 e.V."]
[BlackTeam "SC Zugzwang 95 e.V."]

1. f4 d5 2. Nf3 g6 3. e3 Bg7 4. d4 Nf6 5. Be2 O-O 6. O-O c5 7. c3 Nc6 8. dxc5
Ne4 9. Nd4 Nxc5 10. Nd2 f5 11. N2b3 Ne4 12. Nd2 Re8 13. Nxe4 dxe4 14. Bc4+ e6
15. Nxc6 bxc6 16. Qb3 Qc7 17. Qc2 Rd8 18. Rd1 Rxd1+ 19. Qxd1 Rb8 20. Qc2 Kf7
21. b3 Bb7 22. Bb2 Rd8 23. Rd1 c5 24. Rxd8 Qxd8 25. g3 Bd5 26. Be2 a5 27. c4
Bxb2 28. Qxb2 Bc6 29. a4 Qb8 30. Qc3 Qd8 31. Kf2 h5 32. Ke1 h4 33. Qd2 Qxd2+
34. Kxd2 hxg3 35. hxg3 Kf6 36. g4 e5 37. Ke1 exf4 38. exf4 g5 39. fxg5+ Kxg5
40. gxf5 Kxf5 41. Bd1 e3 42. Bc2+ Ke5 43. Ke2 Kd4 44. Bh7 Be8 45. Bg8 Bh5+ 46.
Ke1 Kc3 47. Bd5 Kxb3 48. Bc6 Kxc4 49. Bb5+ Kc3 50. Be2 Bxe2 51. Kxe2 Kd4 0-1

[Event "11. Lichtenberger Sommer"]
[Site "Berlin"]
[Date "2012.08.22"]
[Round "5.111"]
[White "Mildenberger, Hans"]
[Black "Stiemerling, Karl-Heinz"]
[Result "1/2-1/2"]
[WhiteElo "1626"]
[BlackElo "1650"]
[PlyCount "132"]
[EventDate "2012.??.??"]
[WhiteTeam "SG BVG Helmholtz 55"]
[BlackTeam "vereinslos"]

1. d4 d5 2. c4 c6 3. Nc3 Nf6 4. e3 g6 5. Nf3 Bg7 6. Bd3 O-O 7. O-O Bg4 8. h3
Bxf3 9. Qxf3 e6 10. cxd5 exd5 11. Bd2 Re8 12. a4 a5 13. Ne2 Ne4 14. Bc3 Nd7 15.
Ng3 Ndf6 16. Rab1 b6 17. Qd1 Nxg3 18. fxg3 Rxe3 19. Rf3 Bh6 20. Rxe3 Bxe3+ 21.
Kh2 Qd6 22. Qf3 Re8 23. Re1 Bg5 24. Re5 h6 25. h4 Bc1 26. Qe2 Qd7 27. Kh1 h5
28. Qf1 Rxe5 29. dxe5 Ng4 30. Qxc1 Nf2+ 31. Kg1 Nxd3 32. Qe3 Qf5 33. e6 fxe6
34. Qxb6 c5 35. Qd8+ Qf8 36. Qg5 Qf2+ 37. Kh2 Qf5 38. Qd8+ Qf8 39. Qg5 Kh7 40.
Qe3 Qf5 41. Bxa5 d4 42. Qe2 c4 43. Bb6 Qd5 44. b3 Ne5 45. bxc4 Nxc4 46. Qf2 e5
47. Qf6 Qd7 48. Bd8 Qg7 49. Qe6 Ne3 50. Kg1 Ng4 51. a5 Qb7 52. Qe7+ Qxe7 53.
Bxe7 d3 54. Kf1 Ne3+ 55. Ke1 Nc4 56. a6 Nb6 57. Bc5 Na8 58. a7 Kg7 59. Kd2 e4
60. Ke3 Kf6 61. Bb4 Kf5 62. Kd4 Nb6 63. Bc5 Na8 64. Ke3 Nc7 65. Bb4 Nd5+ 66.
Kd2 Nb6 1/2-1/2

[Event "11. Lichtenberger Sommer"]
[Site "Berlin"]
[Date "2012.08.22"]
[Round "5.112"]
[White "Möller, Dirk"]
[Black "Stark, Steven"]
[Result "1-0"]
[WhiteElo "1686"]
[BlackElo "1569"]
[PlyCount "143"]
[EventDate "2012.??.??"]
[WhiteTeam "SC Kreuzberg e.V."]
[BlackTeam "BSC Rehberge 1945 e.V."]

1. e4 e6 2. d4 a6 3. f4 d5 4. e5 Nc6 5. Nf3 h6 6. Bd3 Be7 7. O-O g5 8. c3 g4 9.
Ne1 h5 10. f5 Bf8 11. fxe6 Bxe6 12. Bf5 Qd7 13. Qc2 Nge7 14. Bxe6 fxe6 15. Nd3
b6 16. Bg5 Nf5 17. Nd2 Rg8 18. Bf4 O-O-O 19. a3 Na5 20. Nb4 Kb7 21. Qd3 Qb5 22.
Qc2 c5 23. a4 Qd7 24. dxc5 Bxc5+ 25. Kh1 Rc8 26. Qd3 Ra8 27. Ne4 Be7 28. Nc2
Qc6 29. Nd2 h4 30. Nd4 Qd7 31. b4 Nc4 32. Nxc4 dxc4 33. Qxc4 Qd5 34. Qxd5+ exd5
35. Nxf5 Rae8 36. Nd6+ Bxd6 37. exd6 Rc8 38. Rac1 b5 39. a5 Kc6 40. Rfe1 Rgd8
41. Re7 Rd7 42. Rce1 Rf8 43. Bg5 h3 44. gxh3 gxh3 45. Rxd7 Kxd7 46. Be7 Rf3 47.
Rc1 Rf4 48. Kg1 Rg4+ 49. Kh1 Rc4 50. Rc2 Rc8 51. Kg1 d4 52. Kf2 d3 53. Rd2 Rxc3
54. Ke3 Rb3 55. Rxd3 Rxb4 56. Kf3 Rc4 57. Bf6 Rc5 58. Kg4 b4 59. Kxh3 Rxa5 60.
Kg4 Rb5 61. h4 a5 62. h5 a4 63. h6 b3 64. h7 Rb4+ 65. Kf5 a3 66. h8=Q b2 67.
Qd8+ Kc6 68. Qc7+ Kb5 69. Qb7+ Kc5 70. Qd5+ Kb6 71. Bd8+ Ka6 72. Qa5+ 1-0

[Event "11. Lichtenberger Sommer"]
[Site "Berlin"]
[Date "2012.08.22"]
[Round "5.113"]
[White "Schulz, Martin"]
[Black "Paris, Gerhard"]
[Result "1/2-1/2"]
[WhiteElo "1648"]
[BlackElo "1615"]
[PlyCount "96"]
[EventDate "2012.??.??"]
[WhiteTeam "KSC Strausberg Abt. Schach"]
[BlackTeam "TSG Oberschöneweide e.V."]

1. c4 Nf6 2. Nc3 g6 3. b3 Bg7 4. Bb2 d6 5. g3 c5 6. Bg2 Nc6 7. Nf3 O-O 8. O-O
Rb8 9. e3 Bd7 10. Rb1 Qc8 11. Re1 a6 12. d4 cxd4 13. exd4 Bf5 14. Rc1 Bh6 15.
Ra1 Nb4 16. Ba3 Nc2 17. Rxe7 Nxa1 18. Qxa1 Qd8 19. Qe1 Bg4 20. Ne4 Nxe4 21.
Qxe4 b5 22. Ra7 Bf5 23. Qe2 Re8 24. Ne5 Rxe5 25. dxe5 dxe5 26. Bd5 Be6 27. Bb2
Bxd5 28. Qxe5 f6 29. Qxd5+ Qxd5 30. cxd5 Rb6 31. Rd7 Bf8 32. Kf1 a5 33. a3 h5
34. Ke2 g5 35. Kf3 f5 36. Ke2 g4 37. f3 Bh6 38. fxg4 hxg4 39. Bd4 Ra6 40. Be3
Bf8 41. Bc1 Rh6 42. Bxh6 Bxh6 43. Ra7 b4 44. axb4 axb4 45. Ra4 Bf8 46. Kd3 Bc5
47. Kc4 Bg1 48. Ra1 Bxh2 1/2-1/2

[Event "11. Lichtenberger Sommer"]
[Site "Berlin"]
[Date "2012.08.23"]
[Round "6.1"]
[White "Franco Alonso, Alejandro"]
[Black "Rabiega, Robert"]
[Result "0-1"]
[WhiteElo "2477"]
[BlackElo "2505"]
[PlyCount "94"]
[EventDate "2012.??.??"]
[WhiteTeam "Gros Xake Teldea"]
[BlackTeam "SK König Tegel 1949 e.V."]

1. d4 d5 2. c4 dxc4 3. Nf3 Nf6 4. e3 a6 5. Bxc4 e6 6. O-O c5 7. Bb3 Nc6 8. Nc3
Be7 9. Qe2 cxd4 10. Rd1 O-O 11. Nxd4 Qc7 12. Nxc6 Qxc6 13. e4 b5 14. Bg5 h6 15.
Bh4 Bb7 16. Rac1 Qe8 17. e5 Nd7 18. Bxe7 Qxe7 19. Ne4 Nxe5 20. Nc5 Ng6 21. Qg4
Bd5 22. Bxd5 exd5 23. Rxd5 Rfd8 24. Rxd8+ Rxd8 25. h3 Rd2 26. b4 Rxa2 27. Qc8+
Kh7 28. Qf5 a5 29. bxa5 Rxa5 30. Nb3 Ra2 31. Qxb5 Qf6 32. Rf1 Nf4 33. Nd4 Qg6
34. g3 Nxh3+ 35. Kg2 Nf4+ 36. Kh2 Nd3 37. Kg2 Qe4+ 38. Nf3 f5 39. Qb6 Re2 40.
Qa5 Rc2 41. Qb5 Rc3 42. Qb8 Nc5 43. Qf4 Qxf4 44. gxf4 Ne6 45. Ra1 Nxf4+ 46. Kg3
g5 47. Ra6 h5 0-1

[Event "11. Lichtenberger Sommer"]
[Site "Berlin"]
[Date "2012.08.23"]
[Round "6.2"]
[White "Teske, Henrik"]
[Black "Colpe, Malte"]
[Result "1/2-1/2"]
[WhiteElo "2537"]
[BlackElo "2290"]
[PlyCount "47"]
[EventDate "2012.??.??"]
[WhiteTeam "SC 1950 Remagen"]
[BlackTeam "Hamburger SK von 1830 eV"]

1. Nf3 Nf6 2. c4 g6 3. Nc3 d5 4. cxd5 Nxd5 5. h4 Bg7 6. h5 Nc6 7. d4 Bg4 8. e4
Nxc3 9. bxc3 Bxh5 10. Rb1 Qc8 11. Qb3 O-O 12. Be3 e5 13. d5 Na5 14. Qa3 b6 15.
Nd2 Bg4 16. c4 c5 17. Bh6 Bxh6 18. Rxh6 Kg7 19. Rh4 h5 20. Qg3 f6 21. f3 g5 22.
Rh1 Bd7 23. Rxh5 Rh8 24. Rxh8 1/2-1/2

[Event "11. Lichtenberger Sommer"]
[Site "Berlin"]
[Date "2012.08.23"]
[Round "6.4"]
[White "Stern, Rene"]
[Black "Kalinitschew, Sergey"]
[Result "1/2-1/2"]
[WhiteElo "2529"]
[BlackElo "2458"]
[PlyCount "69"]
[EventDate "2012.??.??"]
[WhiteTeam "SK König Tegel 1949 e.V."]
[BlackTeam "SC Kreuzberg e.V."]

1. d4 Nf6 2. c4 g6 3. Nc3 d5 4. e3 Bg7 5. Qb3 e6 6. Qa3 Nbd7 7. Nf3 c6 8. Bd3
a5 9. Nd2 Bf8 10. Qb3 Bg7 11. O-O O-O 12. Rd1 b6 13. Be2 Bb7 14. Bf3 c5 15.
cxd5 exd5 16. a4 Rc8 17. Nxd5 Nxd5 18. Bxd5 Bxd5 19. Qxd5 cxd4 20. exd4 Nf6 21.
Qb3 Qxd4 22. Nf3 Qb4 23. Qxb4 axb4 24. Be3 Ne4 25. Bd4 Nc5 26. Bxg7 Kxg7 27.
Rd6 Nxa4 28. b3 Nc5 29. Rxb6 Rb8 30. Rxb8 Rxb8 31. Nd4 Rd8 32. Nc6 Nxb3 33. Re1
Rd2 34. Nxb4 Nc5 35. g3 1/2-1/2

[Event "11. Lichtenberger Sommer"]
[Site "Berlin"]
[Date "2012.08.23"]
[Round "6.5"]
[White "Wendt, Jan-Dietrich"]
[Black "Reichenbach, Werner"]
[Result "1-0"]
[WhiteElo "2357"]
[BlackElo "2283"]
[PlyCount "83"]
[EventDate "2012.??.??"]
[WhiteTeam "Sfrd. Berlin 1903 e.V."]
[BlackTeam "Schachclub Oberkrämer"]

1. Nf3 Nf6 2. c4 e6 3. g3 d5 4. Bg2 Be7 5. O-O O-O 6. d4 b6 7. Nc3 Bb7 8. Ne5
c5 9. dxc5 bxc5 10. cxd5 Nxd5 11. Qb3 Qc8 12. Nxd5 exd5 13. Bxd5 Bxd5 14. Qxd5
Na6 15. Bd2 Bf6 16. Bc3 Qc7 17. Nc4 Bxc3 18. bxc3 Rad8 19. Qf3 Qd7 20. Ne3 Qe6
21. Rfd1 Rxd1+ 22. Rxd1 Qxa2 23. Qc6 Qxe2 24. Rd6 Nb8 25. Qxc5 Re8 26. c4 h5
27. h4 a5 28. Qg5 Qe1+ 29. Kg2 Kf8 30. Qxh5 Kg8 31. Qg5 Qb4 32. Nf5 Qb7+ 33.
Kh2 Qb2 34. Rd2 Qc3 35. Rd8 Rxd8 36. Qxd8+ Kh7 37. Qxb8 Qc2 38. Qf4 a4 39. Ne3
Qb2 40. Qf5+ Kg8 41. Qc2 a3 42. c5 1-0

[Event "11. Lichtenberger Sommer"]
[Site "Berlin"]
[Date "2012.08.23"]
[Round "6.6"]
[White "Martin Alvarez, Inigo"]
[Black "Kohler, Thomas"]
[Result "1/2-1/2"]
[WhiteElo "2292"]
[BlackElo "2249"]
[PlyCount "101"]
[EventDate "2012.??.??"]
[WhiteTeam "Gros Xake Taldea"]
[BlackTeam "SC Zitadelle Spandau 1977 e.V."]

1. e4 e5 2. Nf3 Nc6 3. Bb5 a6 4. Ba4 Nf6 5. O-O Be7 6. Re1 b5 7. Bb3 d6 8. c3
O-O 9. d4 Bg4 10. Be3 exd4 11. cxd4 d5 12. e5 Ne4 13. Nc3 Nxc3 14. bxc3 Qd7 15.
a4 Na5 16. Bc2 Bf5 17. Bg5 Bxc2 18. Qxc2 Nc4 19. Bxe7 Qxe7 20. Qf5 Nb6 21. axb5
axb5 22. Rab1 c6 23. Ng5 g6 24. Qf4 h6 25. Nf3 Kg7 26. h4 Ra3 27. Rbc1 Qe6 28.
g3 Na4 29. Re3 Nb6 30. Kg2 Rfa8 31. Nh2 h5 32. Qg5 Qf5 33. e6 Qxg5 34. hxg5 Nc4
35. Rf3 fxe6 36. Rf6 Rf8 37. Rxe6 Ra2 38. Nf3 Rf7 39. Rce1 Rc2 40. R1e2 Rxe2
41. Rxe2 Rd7 42. Re6 Rd6 43. Re8 Kf7 44. Rc8 Re6 45. Kh3 Kg7 46. g4 hxg4+ 47.
Kxg4 Re4+ 48. Kg3 Re6 49. Kg4 Re4+ 50. Kg3 Re6 51. Kg4 1/2-1/2

[Event "11. Lichtenberger Sommer"]
[Site "Berlin"]
[Date "2012.08.23"]
[Round "6.8"]
[White "Brüdigam, Martin"]
[Black "Nötzel, Felix"]
[Result "1-0"]
[WhiteElo "2292"]
[BlackElo "2107"]
[PlyCount "95"]
[EventDate "2012.??.??"]
[WhiteTeam "USV Potsdam e.V., Abt. Schach"]
[BlackTeam "Sfrd. Berlin 1903 e.V."]

1. e4 e5 2. Nf3 Nc6 3. Bc4 Nf6 4. d3 Bc5 5. c3 d6 6. Bb3 Ne7 7. O-O O-O 8. d4
exd4 9. cxd4 Bb6 10. Nc3 c6 11. h3 h6 12. Re1 Re8 13. Bf4 d5 14. e5 Nh7 15. Qd2
Ng6 16. Bc2 Nhf8 17. Bg3 Be6 18. Ne2 Qd7 19. Qd3 Ba5 20. Rf1 Bd8 21. Nd2 Ne7
22. Qc3 Bf5 23. Bd1 Neg6 24. Bh2 Qe7 25. Ng3 Bd7 26. f4 c5 27. dxc5 Rc8 28. b4
b6 29. Nb3 a5 30. Qd2 a4 31. Nd4 bxc5 32. Ngf5 Bxf5 33. Nxf5 Qa7 34. Nd6 cxb4+
35. Kh1 Be7 36. Nxe8 Rxe8 37. f5 Bg5 38. Qxd5 Nxe5 39. Bxe5 Rxe5 40. Qxe5 Bf6
41. Qe8 Bxa1 42. Bxa4 Bf6 43. Bb3 Qd7 44. Qe4 Qb5 45. Rc1 Bg5 46. Rc4 Bd2 47.
Qd3 Bc3 48. Rxc3 1-0

[Event "11. Lichtenberger Sommer"]
[Site "Berlin"]
[Date "2012.08.23"]
[Round "6.9"]
[White "Lorenz, Sascha"]
[Black "Dauth, Benjamin"]
[Result "1/2-1/2"]
[WhiteElo "2258"]
[BlackElo "2322"]
[PlyCount "104"]
[EventDate "2012.??.??"]
[WhiteTeam "SK König Tegel 1949 e.V."]
[BlackTeam "SC Rotation Pankow e.V."]

1. c4 c5 2. g3 Nc6 3. Bg2 g6 4. Nc3 Bg7 5. Nf3 e6 6. d3 Nge7 7. Bg5 h6 8. Bd2
d5 9. a3 O-O 10. Rb1 a5 11. Qc1 Kh7 12. Qc2 dxc4 13. dxc4 e5 14. Rd1 Nf5 15. e3
Nd6 16. Na4 Bf5 17. Qb3 e4 18. Nh4 Be6 19. Nxc5 Bxc4 20. Qc2 Ne5 21. Bc3 Nd3+
22. Nxd3 Bxd3 23. Qb3 Bxc3+ 24. Qxc3 Rc8 25. Qd4 Nc4 26. Qa7 Nxb2 27. Nxg6 Qf6
28. Nxf8+ Kg8 29. Qd4 Qxd4 30. exd4 Rc2 31. Bf1 Nxd1 32. Bxd3 exd3 33. Kxd1
Kxf8 34. Re1 Rxf2 35. Re5 Rxh2 36. Rxa5 Rb2 37. a4 b6 38. Ra8+ Ke7 39. Rh8 Ke6
40. Rxh6+ Kd5 41. Rf6 Rg2 42. Rxf7 Rxg3 43. Rf6 Kxd4 44. Rxb6 Rg1+ 45. Kd2 Rg2+
46. Kd1 Ra2 47. Rh6 Ra3 48. Kd2 Ra2+ 49. Ke1 Kc4 50. Rh8 Kb4 51. Rb8+ Kc3 52.
Rc8+ Kd4 1/2-1/2

[Event "11. Lichtenberger Sommer"]
[Site "Berlin"]
[Date "2012.08.23"]
[Round "6.10"]
[White "Niehaus, Frank"]
[Black "Glantz, Robert"]
[Result "1-0"]
[WhiteElo "2208"]
[BlackElo "2282"]
[PlyCount "115"]
[EventDate "2012.??.??"]
[WhiteTeam "SK König Tegel 1949 e.V."]
[BlackTeam "SC Kreuzberg e.V."]

1. e4 c5 2. Nf3 d6 3. d4 cxd4 4. Nxd4 Nf6 5. Nc3 a6 6. Bg5 e6 7. f4 h6 8. Bh4
Qb6 9. Bxf6 gxf6 10. Qd3 Nc6 11. Nb3 Bd7 12. Be2 h5 13. Rf1 O-O-O 14. O-O-O Kb8
15. Kb1 Be7 16. Qh3 Na5 17. f5 Nxb3 18. axb3 Qc5 19. Bxh5 Qe5 20. g4 Rh7 21.
Rd2 Bc6 22. Qf3 Qc5 23. Rfd1 b5 24. Rd4 Rd7 25. h3 Qb6 26. b4 Qb7 27. Qe3 Rd8
28. Re1 Qb6 29. Red1 Qb7 30. Qe2 Qb6 31. Na2 d5 32. exd5 e5 33. R4d2 Bb7 34.
Qf3 Bd6 35. h4 Rdh8 36. Qe4 Rc8 37. b3 Ka8 38. Rd3 Qf2 39. Rc3 Qxh4 40. Qe3
Rxc3 41. Nxc3 Rh8 42. Ne4 Bxb4 43. d6 Rd8 44. d7 Be7 45. Kb2 Bc6 46. Nc5 Qg5
47. Qc3 Qf4 48. Qa5 Bb7 49. Nxa6 e4 50. Nc7+ Kb8 51. Nxb5 Qe5+ 52. Kb1 Qc5 53.
Bxf7 e3 54. Bc4 Bf3 55. Rd6 Bb7 56. Rd1 Bc6 57. Qc7+ Ka8 58. Qc8+ 1-0

[Event "11. Lichtenberger Sommer"]
[Site "Berlin"]
[Date "2012.08.23"]
[Round "6.12"]
[White "Kurz, Christian"]
[Black "Neumann, Thomas"]
[Result "0-1"]
[WhiteElo "2200"]
[BlackElo "2130"]
[PlyCount "58"]
[EventDate "2012.??.??"]
[WhiteTeam "SC Bechhofen 1923 e.V."]
[BlackTeam "SC Borussia Friedrichsfelde 1920"]

1. Nf3 d5 2. d4 e6 3. g3 Nf6 4. Bg2 Bd6 5. O-O O-O 6. c4 c6 7. Nc3 Nbd7 8. Qd3
dxc4 9. Qxc4 Qc7 10. e4 e5 11. dxe5 Nxe5 12. Nxe5 Bxe5 13. Be3 Be6 14. Qe2 Rfd8
15. Rac1 Ng4 16. Bc5 Qa5 17. Ba3 b5 18. Be7 Rd7 19. Bg5 b4 20. Nd1 Bxg3 21.
fxg3 Qxg5 22. Rf4 Rad8 23. Ne3 Rd2 24. Qe1 Rxb2 25. Rxc6 Qb5 26. Nd5 Ne5 27.
Ne7+ Kh8 28. Qc1 Qe2 29. Qf1 Rd1 0-1

[Event "11. Lichtenberger Sommer"]
[Site "Berlin"]
[Date "2012.08.23"]
[Round "6.13"]
[White "Rührmund, Daniel"]
[Black "Rietze, Clemens"]
[Result "1/2-1/2"]
[WhiteElo "2024"]
[BlackElo "2280"]
[PlyCount "82"]
[EventDate "2012.??.??"]
[WhiteTeam "SC Einheit Bautzen"]
[BlackTeam "USV Potsdam e.V., Abt. Schach"]

1. e4 e5 2. Nf3 Nc6 3. Bb5 a6 4. Ba4 b5 5. Bb3 Na5 6. O-O d6 7. d4 exd4 8. Qxd4
c5 9. Bxf7+ Kxf7 10. Qd5+ Ke8 11. Qxa8 Ne7 12. Bg5 h6 13. Bxe7 Bxe7 14. Qd5 Rf8
15. Qh5+ Rf7 16. Nc3 Be6 17. Nd5 Kf8 18. Nxe7 Qxe7 19. b3 Rf4 20. Nd2 Nc6 21.
Qd1 Ne5 22. g3 Qg5 23. f3 Bh3 24. Rf2 Rf7 25. f4 Qf6 26. Nf1 Bg4 27. Qc1 Nf3+
28. Kg2 Ng5 29. Nd2 Nh3 30. Rf1 Qc3 31. Nf3 Ng5 32. Nxg5 hxg5 33. Rf2 gxf4 34.
Rxf4 Bf3+ 35. Kh3 g5 36. Rxf7+ Kxf7 37. Qxg5 Qxa1 38. Qd5+ Ke7 39. Qb7+ Ke6 40.
Qd5+ Ke7 41. Qb7+ Ke6 1/2-1/2

[Event "11. Lichtenberger Sommer"]
[Site "Berlin"]
[Date "2012.08.23"]
[Round "6.15"]
[White "Siebarth, Raiko"]
[Black "Kupfer, Michael"]
[Result "1-0"]
[WhiteElo "2240"]
[BlackElo "2021"]
[PlyCount "85"]
[EventDate "2012.??.??"]
[WhiteTeam "SG Blau-Weiß Stadtilm"]
[BlackTeam "SC Friesen Lichtenberg e.V."]

1. e4 e5 2. Nf3 Nc6 3. Bc4 Bc5 4. c3 Nf6 5. d4 exd4 6. cxd4 Bb4+ 7. Bd2 Bxd2+
8. Nbxd2 d5 9. exd5 Nxd5 10. Qb3 Na5 11. Qa4+ Nc6 12. Bb5 Bd7 13. O-O O-O 14.
Qb3 Nb6 15. Bd3 Be6 16. Qc3 Nd5 17. Qc5 Nf4 18. Bb5 Bd5 19. Rfd1 Re8 20. Qc3 a6
21. Bf1 Qf6 22. Re1 Qg6 23. Kh1 Qh5 24. Re3 Re6 25. Rae1 Rae8 26. Rxe6 Rxe6 27.
Rxe6 Nxe6 28. Kg1 Qg4 29. h3 Qf4 30. g3 Qf6 31. Bg2 Nexd4 32. Nxd4 Bxg2 33. Qe3
g6 34. Kxg2 Qxd4 35. Qxd4 Nxd4 36. f3 f6 37. Ne4 b5 38. Nxf6+ Kf7 39. Nxh7 Ne6
40. f4 Nc5 41. Ng5+ Ke7 42. Nf3 Nd3 43. Ne5 1-0

[Event "11. Lichtenberger Sommer"]
[Site "Berlin"]
[Date "2012.08.23"]
[Round "6.16"]
[White "Petersen, Soren Boeck"]
[Black "Kornrumpf, Joachim"]
[Result "0-1"]
[WhiteElo "2279"]
[BlackElo "2073"]
[PlyCount "65"]
[EventDate "2012.??.??"]
[WhiteTeam "Damhus Skakklub"]
[BlackTeam "Preetzer TSV"]

1. e4 c5 2. c3 d6 3. d4 Nd7 4. Nf3 g6 5. Bc4 e6 6. O-O Bg7 7. Bf4 e5 8. Bg3 Qe7
9. b4 cxb4 10. cxb4 Ngf6 11. Nc3 O-O 12. Bb3 b6 13. Nd5 Nxd5 14. Bxd5 Ba6 15.
Re1 Rac8 16. Qb3 Bb5 17. Rad1 Bc6 18. Bc4 Bb7 19. Bb5 exd4 20. Nxd4 Ne5 21. f4
Nc6 22. Nf3 a6 23. Bc4 a5 24. a3 axb4 25. axb4 Qc7 26. Bd5 b5 27. Kh1 Nd8 28.
f5 Qc3 29. Bxd6 Bxd5 30. Qxd5 Re8 31. Qxb5 Nc6 32. Rc1 Qf6 33. Rxc6 0-1

[Event "11. Lichtenberger Sommer"]
[Site "Berlin"]
[Date "2012.08.23"]
[Round "6.17"]
[White "Amelang, Thomas"]
[Black "Giemsa, Stephan"]
[Result "0-1"]
[WhiteElo "2140"]
[BlackElo "2261"]
[PlyCount "54"]
[EventDate "2012.??.??"]
[WhiteTeam "SK Siemens München"]
[BlackTeam "SK König Tegel 1949 e.V."]

1. e4 e6 2. d4 d5 3. Nc3 Nf6 4. Bg5 Bb4 5. exd5 Qxd5 6. Bxf6 gxf6 7. Qd2 Qa5 8.
Nge2 Nd7 9. a3 Nb6 10. Rd1 Be7 11. Ng3 Bd7 12. Nb5 Qxd2+ 13. Rxd2 Bd8 14. Bd3
Bc6 15. f3 f5 16. Ne2 a6 17. Nbc3 Bg5 18. f4 Bxg2 19. Rg1 Bh4+ 20. Ng3 Bc6 21.
Nce2 O-O-O 22. Kf2 Bf6 23. Ke3 Nd5+ 24. Kf2 h5 25. c4 Nxf4 26. Nxf4 Bxd4+ 27.
Kf1 Be3 0-1

[Event "11. Lichtenberger Sommer"]
[Site "Berlin"]
[Date "2012.08.23"]
[Round "6.18"]
[White "Kapp, Martin"]
[Black "Kollars, Dmitrij"]
[Result "1-0"]
[WhiteElo "2215"]
[BlackElo "1996"]
[PlyCount "61"]
[EventDate "2012.??.??"]
[WhiteTeam "TSV IFA Chemnitz"]
[BlackTeam "Delmenhorster SK V 1931"]

1. d4 Nf6 2. c4 g6 3. Nc3 Bg7 4. e4 d6 5. Be2 O-O 6. Bg5 c5 7. d5 e6 8. Nf3
exd5 9. cxd5 Nbd7 10. O-O a6 11. a4 Qc7 12. Nd2 Re8 13. a5 h6 14. Bh4 b5 15.
axb6 Nxb6 16. f4 Bb7 17. Bf3 a5 18. Qc2 Ba6 19. Rfe1 Nbd7 20. b3 h5 21. Nc4
Bxc4 22. bxc4 Bh6 23. Nb5 Qb8 24. e5 dxe5 25. d6 exf4 26. Bxa8 Qxa8 27. Re7 Qd8
28. Rxd7 Qxd7 29. Bxf6 Qe6 30. Be7 Qe3+ 31. Qf2 1-0